000 00623nam a2200193 i 4500
001 104566
003 ES-MaACL
005 20230906183633.0
007 t|
008 051201s1978 sp ||||1| spa d
100 1 _aMillman, Jacob.
_981263
245 1 0 _aDispositivos y circuitos electrónicos /
_cJacob Millman, Christos C. Halkias; [traducción de José Luis Marín Galán].
250 _a[7ª ed.].
260 _aMadrid :
_bPirámide,
_c1978.
300 _a869 p. :
_bil. ;
_c23 cm.
700 1 _aHalkias, Christos C.
_961551
700 1 _aMarín Galán, José Luis.
_976787
852 _aES-MaACL
_jA-7944
_bR.97059
999 _c104566
_d104566